[Event "Bruges op-B"]
[Site "Bruges"]
[Date "2022.08.17"]
[Round "7"]
[White "Dewever, Niel"]
[Black "Hettinga, Jaap"]
[Result "1-0"]
[WhiteElo "1736"]
[BlackElo "1636"]
[PlyCount "115"]
[EventDate "2022.08.13"]
[EventType "swiss"]
[EventRounds "9"]
[EventCountry "BEL"]
[SourceTitle "CBM 209 Extra"]
[Source "ChessBase"]
[SourceDate "2022.09.30"]
[SourceVersion "1"]
[SourceVersionDate "2022.09.30"]
[SourceQuality "1"]

1. d4 c5 2. d5 e5 3. e4 d6 4. c4 Nf6 5. Nc3 g6 6. Be2 Bg7 7. Be3 0-0 8. f4 exf4 9. Bxf4 Ne8 10. Nf3 Bg4 11. Qd2 Bxf3 12. Bxf3 Nd7 13. 0-0 Ne5 14. Be2 Qe7 15. Bg5 Qd7 16. Rf2 f6 17. Bh4 Nc7 18. Raf1 Qe7 19. a3 a5 20. Kh1 Rf7 21. Nd1 b6 22. Ne3 h5 23. h3 Kh7 24. g4 Raf8 25. gxh5 Bh6 26. Qc3 Bxe3 27. Qxe3 g5 28. Bg3 Ne8 29. h4 Kh6 30. Bxe5 dxe5 31. hxg5+ fxg5 32. Rxf7 Rxf7 33. Rxf7 Qxf7 34. Kg2 Nd6 35. b3 Qf6 36. Kg3 Qf7 37. Qf3 Qf4+ 38. Qxf4 gxf4+ 39. Kg4 Nxe4 40. Kf5 Ng3+ 41. Kxe5 Nxe2 42. d6 Nd4 43. Kxf4 Nc6 44. Kg4 Nd8 45. d7 Ne6 46. Kf5 Nd8 47. Kf6 Kxh5 48. Ke7 Nc6+ 49. Ke8 Kg5 50. d8Q+ Nxd8 51. Kxd8 Kf5 52. Kc7 b5 53. a4 bxc4 54. bxc4 Ke4 55. Kc6 Kd4 56. Kb5 Kc3 57. Kxc5 Kb3 58. Kb5 1-0